Online Catalogue and eLibrary

Worker's rights in a globalised world economy : (Record no. 2568)

MARC details
000 -LEADER
fixed length control field 00436nam a2200157Ia 4500
005 - DATE AND TIME OF LATEST TRANSACTION
control field 20240402010145.0
008 - FIXED-LENGTH DATA ELEMENTS--GENERAL INFORMATION
fixed length control field 240331s9999 xx 000 0 und d
082 ## - DDC Classification
Item Number - Author Mark HEN
Class No. 330.
100 ## - MAIN ENTRY--PERSONAL NAME
Personal name Hensman, R
245 #0 - TITLE STATEMENT
Title Worker's rights in a globalised world economy :
Remainder of title a manual for activists
Statement of responsibility, etc. Rohini, Hensman.
260 ## - PUBLICATION, DISTRIBUTION, ETC.
Place of publication, distribution, etc. Manchester.
Name of publisher, distributor, etc. Women working worldwide
300 ## - PHYSICAL DESCRIPTION
Extent (e.g. Volumes, Pages etc.) 52 p.,
650 ## - SUBJECT ADDED ENTRY--TOPICAL TERM
Topical term or geographic name entry element Economy
650 ## - SUBJECT ADDED ENTRY--TOPICAL TERM
Topical term or geographic name entry element Rights
942 ## - Koha item type (Biblio)
Koha item type Books in Stacks (Lending)
Holdings
Lost status Damaged status Collection code Home library Current library Shelving location Date acquired Full call number Accession Number Item type
    Lending WERC Library WERC Library Social Science Cupboard 03/31/2024 330 HEN 4753 Books in Stacks (Lending)

© WERC Library